Countries Closest to Serbia - Statistics

General Stats
  • This quiz has been taken 22 times
  • The average score is 20 of 20
Answer Stats
Distance Country % Correct
39km Albania
100%
223km Austria
100%
0km Bosnia and Herzegovina
100%
0km Bulgaria
100%
482km Germany
100%
115km Greece
100%
0km Hungary
100%
304km Italy
100%
0km Kosovo
100%
336km Poland
100%
0km Romania
100%
192km Slovakia
100%
286km Ukraine
100%
0km Croatia
95%
0km Montenegro
95%
0km North Macedonia
95%
194km Slovenia
95%
436km Moldova
91%
315km Tûrkiye
91%
329km Czechia
86%
No matching quizzes found
Score Distribution
Percent of People with Each Score
Percentile by Number Answered
Your Score History
You have not taken this quiz